| 000 | 00538nam a22001937a 4500 | ||
|---|---|---|---|
| 005 | 20260218081624.0 | ||
| 008 | 260218b |||||||| |||| 00| 0 eng d | ||
| 037 | _cDSWL | ||
| 040 |
_aDSWL _cDSWL |
||
| 041 | _heng | ||
| 084 | _aY15v.1 Q5 | ||
| 245 | _aGender matters in global politics | ||
| 250 | _a2nd | ||
| 260 |
_aLondon, _bRoutledge, _c2015 |
||
| 300 | _a492p | ||
| 365 |
_aGBP _b32.99 |
||
| 942 |
_2CC _cTEXL _hY15v.1 Q5 _n0 |
||
| 999 |
_c1679923 _d1679923 |
||